Nem volt könnyű dolog...
Elmentve itt :
| Szerző: | |
|---|---|
| Dokumentumtípus: | Cikk |
| Megjelent: |
1967-02-04
|
| Sorozat: | Délmagyarország
57 No. 30 |
| Kulcsszavak: | Paprika Erzsébet, Hajdú Gáborné, Brigádmunka Szeged 1967, ruhaipar |
| Online Access: | http://dmarchiv.bibl.u-szeged.hu/67263 |
| LEADER | 00504nab a2200157 i 4500 | ||
|---|---|---|---|
| 001 | delm67263 | ||
| 005 | 20180927153722.0 | ||
| 008 | 180927s1967 hu o 0|| hun d | ||
| 040 | |a SZTE Délmagyarország Archívum |b hun | ||
| 041 | |a hun | ||
| 100 | 1 | |a Gazdagh István | |
| 245 | 1 | 4 | |a Nem volt könnyű dolog... |h [elektronikus dokumentum] / |c Gazdagh István |
| 260 | |c 1967-02-04 | ||
| 300 | |a 5 | ||
| 490 | 0 | |a Délmagyarország |v 57 No. 30 | |
| 695 | |a Paprika Erzsébet, Hajdú Gáborné, Brigádmunka Szeged 1967, ruhaipar | ||